[Event "Muenster Bezirksliga 0506"]
[Site "Muenster"]
[Date "2005.12.17"]
[Round "4.8"]
[White "Jeising, Wilhelm"]
[Black "Marquard, Siegfried"]
[Result "1/2-1/2"]
[WhiteElo "1423"]
[BlackElo "1666"]
[PlyCount "82"]
[EventDate "2005.09.10"]
[EventType "team"]
[EventRounds "9"]
[EventCountry "GER"]
[SourceTitle "EXT 2007"]
[Source "ChessBase"]
[SourceDate "2006.11.23"]
[SourceVersion "1"]
[SourceVersionDate "2006.11.23"]
[SourceQuality "1"]
[WhiteTeam "Telgte III"]
[BlackTeam "Beelen"]
[WhiteTeamCountry "GER"]
[BlackTeamCountry "GER"]

1. e4 c5 2. Bc4 d6 3. c3 Nf6 4. d3 g6 5. Ne2 Bg7 6. h3 0-0 7. 0-0 Nc6 8. a3 Bd7 9. Nd2 Ne5 10. f4 Nxc4 11. Nxc4 b5 12. Ne3 Qb6 13. Ng3 b4 14. c4 bxa3 15. Rxa3 Bc6 16. b3 a5 17. Rf2 Nd7 18. Rfa2 Ra7 19. Kh2 Bh6 20. Ng4 Bg7 21. f5 Ne5 22. Nf2 Rfa8 23. Bb2 Bd7 24. Kh1 Nc6 25. Bxg7 Kxg7 26. fxg6 fxg6 27. Qa1+ Kg8 28. Ne2 Nb4 29. Rd2 a4 30. Nc3 axb3 31. Rxa7 Rxa7 32. Qb1 Ra3 33. Rb2 Qa5 34. Qc1 Nc2 35. Nd5 Ra1 36. Rb1 Qa3 37. Rxa1 Qxa1 38. Qxa1 Nxa1 39. Nd1 Nc2 40. Nxe7+ Kf7 41. Nd5 Nd4 1/2-1/2